[Event "16th Sants Open 2014"]
[Site "Barcelona ESP"]
[Date "2014.08.26"]
[Round "5.27"]
[White "Kempinski, Tomasz"]
[Black "Jorczik, Julian"]
[Result "1/2-1/2"]
[BlackTitle "IM"]
[WhiteElo "2202"]
[BlackElo "2399"]
[WhiteFideId "1109049"]
[BlackFideId "24611719"]
[EventDate "2014.08.22"]

1. e4 e6 2. d4 d5 3. exd5 exd5 4. c4 Bb4+ 5. Nc3 Ne7 6. a3 Bxc3+ 7. bxc3 O-O 8.
Qf3 c5 9. cxd5 Nxd5 10. Bc4 Nb6 11. Bd3 cxd4 12. Ne2 dxc3 13. O-O Nc6 14. Qg3
Qf6 15. Bg5 Qe6 16. h3 h6 17. Be3 Qf6 18. Nf4 Bf5 19. Nh5 Qg6 20. Bxf5 Qxh5 21.
Bg4 Qe5 22. Bf4 Qf6 23. Rac1 Nd5 24. Bd6 Rfd8 25. Bc7 Nxc7 26. Qxc7 Rab8 27. Qg3
Ne5 28. Rxc3 Nxg4 29. hxg4 Rbc8 30. Rc7 Rxc7 31. Qxc7 Qd6 32. Qxb7 Qxa3 33. Qc7
Re8 34. Rb1 Re7 35. Rb8+ Kh7 36. Qc2+ g6 37. Qc8 Qa1+ 38. Kh2 Qg7 39. g3 Re5 40.
Qd8 h5 41. g5 Rf5 42. f4 h4 43. Kh3 f6 44. Kxh4 fxg5+ 45. fxg5 Rf7 46. Kh3 Rb7
47. Ra8 Qd7+ 48. Qxd7+ Rxd7 49. Kg4 1/2-1/2

[Event "16th Sants Open 2014"]
[Site "Barcelona ESP"]
[Date "2014.08.26"]
[Round "5.28"]
[White "Martinez Romero, Martin"]
[Black "Capellades Subirana, Marc"]
[Result "1-0"]
[WhiteTitle "IM"]
[BlackTitle "FM"]
[WhiteElo "2387"]
[BlackElo "2188"]
[WhiteFideId "4404025"]
[BlackFideId "2272245"]
[EventDate "2014.08.22"]

1. e4 e5 2. Nf3 Nc6 3. Bb5 a6 4. Ba4 Nf6 5. O-O d6 6. d3 g6 7. c3 Bg7 8. Nbd2
O-O 9. Re1 Nh5 10. Nf1 Kh8 11. Bb3 Qe8 12. Ne3 Ne7 13. d4 f5 14. dxe5 dxe5 15.
exf5 gxf5 16. Nd5 Nxd5 17. Qxd5 c6 18. Qc4 e4 19. Ng5 h6 20. Nh3 b5 21. Qe2 f4
22. Qxe4 Bxh3 23. gxh3 f3 24. Qxe8 Rfxe8 25. Rxe8+ Rxe8 26. Be3 Rf8 27. Rd1 Nf4
28. Rd6 Nxh3+ 29. Kf1 Rf6 30. Rxf6 Bxf6 31. Bd1 Ng5 32. h4 Nf7 33. Bxf3 Ne5 34.
Be4 Nc4 35. Bc1 c5 36. Bb7 b4 37. Bxa6 bxc3 38. bxc3 Nb6 39. c4 Kg7 40. Be3 Na4
41. Bb5 Nc3 42. a4 Bxh4 43. Bxc5 Ne4 44. Bd4+ Kf7 45. a5 Nd2+ 46. Kg2 Nb3 47. a6 1-0

[Event "16th Sants Open 2014"]
[Site "Barcelona ESP"]
[Date "2014.08.26"]
[Round "5.29"]
[White "Zude, Erik"]
[Black "Rodriguez Ferraz, Borja"]
[Result "1-0"]
[WhiteTitle "IM"]
[WhiteElo "2381"]
[BlackElo "2175"]
[WhiteFideId "4604644"]
[BlackFideId "2256258"]
[EventDate "2014.08.22"]

1. d4 Nf6 2. c4 e6 3. Nc3 Bb4 4. e3 O-O 5. Bd3 d6 6. Bd2 c5 7. a3 Ba5 8. dxc5
dxc5 9. Qc2 Nc6 10. Nf3 h6 11. O-O-O Qe7 12. Rhg1 Ng4 13. Be1 Rb8 14. h3 Nge5
15. Nxe5 Nxe5 16. Be2 a6 17. f4 Nc6 18. Bf3 Na7 19. g4 Bxc3 20. Bxc3 b5 21. g5
hxg5 22. Bxg7 Kxg7 23. Rxg5+ Qxg5 24. fxg5 Bb7 25. Qc3+ Kg8 26. Bxb7 Rxb7 27.
Qf6 1-0

[Event "16th Sants Open 2014"]
[Site "Barcelona ESP"]
[Date "2014.08.26"]
[Round "5.30"]
[White "Aronsson, Marten"]
[Black "Martinez Alcantara, Jose Eduardo"]
[Result "0-1"]
[BlackTitle "FM"]
[WhiteElo "2200"]
[BlackElo "2379"]
[WhiteFideId "1724223"]
[BlackFideId "3805662"]
[EventDate "2014.08.22"]

1. d4 Nf6 2. Nf3 e6 3. c4 c5 4. d5 exd5 5. cxd5 d6 6. Nc3 g6 7. e4 Bg7 8. Be2
Bg4 9. Qa4+ Nbd7 10. Bf4 O-O 11. Qb3 Re8 12. h3 Bxf3 13. gxf3 Qb8 14. a4 Nh5 15.
Be3 Be5 16. Bb5 Qc7 17. Ne2 a6 18. Bd3 Bg7 19. f4 c4 20. Bxc4 Rxe4 21. Bd3 Rxe3
22. fxe3 Nc5 23. Qc2 Re8 24. O-O-O Rxe3 25. Bc4 Nxa4 26. Kd2 Nxb2 27. Kxe3 Nxc4+
28. Kf2 Qc5+ 29. Ke1 Bf6 30. h4 Qb4+ 31. Kf2 Qb6+ 32. Ke1 Ne3 33. Qe4 Nxd1 34.
Kxd1 Qb3+ 35. Kd2 Qa2+ 36. Ke1 Ng7 37. Ng3 h5 38. Qd3 Qg2 39. Qe3 Qxd5 40. Ke2
Ne6 41. Rd1 Qg2+ 42. Qf2 Qc6 43. Qe3 Qc4+ 44. Kf3 Nd4+ 45. Kg2 Qc6+ 46. Kh3 Qc8+
47. Kg2 Qc2+ 48. Rd2 Qc1 49. Ne4 Bg7 50. Ng5 Qc6+ 51. Kh2 Nf5 52. Qb3 Qd7 53.
Qd5 Bf6 54. Rd3 Bxg5 55. hxg5 Qa4 56. Qf3 b5 57. Rc3 Qa2+ 58. Kh1 Qa1+ 59. Kh2
Qe1 60. Rc8+ Kh7 61. Rc7 Qe6 62. Qb7 Kg7 63. Qf3 b4 64. Qf2 d5 65. Qb2+ d4 66.
Qxb4 Qe2+ 67. Kg1 Qe3+ 68. Kh1 Qe4+ 69. Kg1 Qxf4 70. Rc6 Qxg5+ 71. Kf1 Ne3+ 72.
Ke1 Qg1+ 0-1

[Event "16th Sants Open 2014"]
[Site "Barcelona ESP"]
[Date "2014.08.26"]
[Round "5.31"]
[White "Skomorokhin, Roman"]
[Black "Gschwendtner, Klaus"]
[Result "1/2-1/2"]
[WhiteTitle "IM"]
[WhiteElo "2378"]
[BlackElo "2125"]
[WhiteFideId "4112610"]
[BlackFideId "4633598"]
[EventDate "2014.08.22"]

1. d4 d5 2. c4 e6 3. Nc3 Nf6 4. cxd5 exd5 5. Bg5 Be7 6. e3 h6 7. Bh4 O-O 8. Bd3
b6 9. Nge2 Bb7 10. f3 c5 11. Rc1 Nbd7 12. O-O a6 13. Bb1 b5 14. dxc5 Bxc5 15.
Nd4 Qb6 16. a3 Rfe8 17. b4 Bf8 18. Bf2 g6 19. Qb3 Ne5 20. e4 Qd8 21. Rfd1 Rc8
22. Nxd5 Nxd5 23. Rxc8 Qxc8 24. exd5 Qc4 25. Qxc4 Nxc4 26. Nb3 Rd8 27. Nc5 Bxc5 1/2-1/2

[Event "16th Sants Open 2014"]
[Site "Barcelona ESP"]
[Date "2014.08.26"]
[Round "5.32"]
[White "Baches Garcia, Guillermo"]
[Black "Skutta, Bernd"]
[Result "1-0"]
[WhiteTitle "IM"]
[WhiteElo "2377"]
[BlackElo "2048"]
[WhiteFideId "2209764"]
[BlackFideId "4666950"]
[EventDate "2014.08.22"]

1. c4 f5 2. Nf3 Nf6 3. g3 g6 4. Bg2 Bg7 5. O-O d6 6. d4 O-O 7. Nc3 c6 8. b3 Qe8
9. Qc2 Na6 10. Bb2 h6 11. d5 c5 12. Rae1 g5 13. Nd2 Qh5 14. e3 Bd7 15. a3 Nc7
16. Ba1 Rf7 17. b4 b6 18. f3 Re8 19. e4 f4 20. e5 dxe5 21. Rxe5 Nh7 22. g4 Qh4
23. Nce4 h5 24. h3 hxg4 25. fxg4 Bxe5 26. Bxe5 Rc8 27. bxc5 Qh6 28. c6 Be8 29.
d6 exd6 30. Nxd6 Re7 31. Nf5 1-0

[Event "16th Sants Open 2014"]
[Site "Barcelona ESP"]
[Date "2014.08.26"]
[Round "5.33"]
[White "Garriga Cazorla, Pere"]
[Black "Sanchez Enriquez, Oscar Gerardo"]
[Result "1-0"]
[BlackTitle "FM"]
[WhiteElo "2196"]
[BlackElo "2374"]
[WhiteFideId "32011601"]
[BlackFideId "5106311"]
[EventDate "2014.08.22"]

1. d4 Nf6 2. Nf3 c5 3. c4 cxd4 4. Nxd4 Nc6 5. Nc3 e6 6. a3 Bc5 7. Nb3 Be7 8. e4
O-O 9. Be2 b6 10. O-O Bb7 11. Bf4 d6 12. Re1 Rc8 13. Bf1 Ne5 14. Nd2 a6 15. Rc1
Qc7 16. Bg3 Rcd8 17. Qe2 Ng6 18. b4 Nd7 19. f4 Rfe8 20. Qe3 Qb8 21. Nf3 Qa8 22.
h3 Rc8 23. Bh2 Bd8 24. Red1 Nf6 25. e5 dxe5 26. fxe5 Ne4 27. Na4 Nh4 28. Rxd8
Nxf3+ 29. gxf3 Rcxd8 30. Nxb6 Qb8 31. fxe4 Bxe4 32. c5 1-0

[Event "16th Sants Open 2014"]
[Site "Barcelona ESP"]
[Date "2014.08.26"]
[Round "5.34"]
[White "Carrasco Rodriguez, Jesus"]
[Black "Schroeder, Jan-Christian"]
[Result "0-1"]
[BlackTitle "FM"]
[WhiteElo "2172"]
[BlackElo "2367"]
[WhiteFideId "2256142"]
[BlackFideId "24662259"]
[EventDate "2014.08.22"]

1. e4 e5 2. Nf3 Nc6 3. Nc3 Nf6 4. Bb5 Bb4 5. O-O O-O 6. d3 Bxc3 7. bxc3 d6 8.
Re1 a6 9. Bxc6 bxc6 10. d4 Qe7 11. Ba3 Nd7 12. Qd3 a5 13. Qc4 Bb7 14. dxe5 Nxe5
15. Nxe5 Qxe5 16. Rab1 Rab8 17. Qd4 Qe6 18. c4 c5 19. Qc3 a4 20. e5 Qg6 21. f3
Rfd8 22. Kh1 h5 23. exd6 cxd6 24. Qa5 Qf6 25. Bb2 Qh4 26. Qxa4 Bd5 27. Bc3 Ra8
28. Ba5 Rdc8 29. Qd7 Bc6 0-1

[Event "16th Sants Open 2014"]
[Site "Barcelona ESP"]
[Date "2014.08.26"]
[Round "5.35"]
[White "Maslov, Ivan"]
[Black "Colon Garcia, Enrique"]
[Result "1-0"]
[BlackTitle "FM"]
[WhiteElo "2163"]
[BlackElo "2343"]
[WhiteFideId "24169820"]
[BlackFideId "2285940"]
[EventDate "2014.08.22"]

1. d4 Nf6 2. c4 e6 3. g3 d5 4. Nf3 Bb4+ 5. Bd2 Be7 6. Bg2 O-O 7. O-O c6 8. Qc2
b6 9. Bf4 Ba6 10. Nbd2 Nbd7 11. Rfd1 Rc8 12. Rac1 b5 13. b3 c5 14. b4 cxb4 15.
c5 Bb7 16. Qb3 a5 17. a3 Nh5 18. axb4 Nxf4 19. gxf4 Bc6 20. bxa5 Ra8 21. Ne1
Rxa5 22. Nd3 Qc7 23. Nb4 Rfa8 24. Nb1 Bh4 25. Qh3 Bf6 26. Nc3 Ra3 27. f5 Nf8 28.
fxe6 fxe6 29. Qg3 Qd7 30. e4 R8a4 31. Nxc6 Qxc6 32. exd5 Qc8 33. Qg4 h5 34. Qe4
Rb4 35. dxe6 Nxe6 36. Bh3 1-0

[Event "16th Sants Open 2014"]
[Site "Barcelona ESP"]
[Date "2014.08.26"]
[Round "5.36"]
[White "Urriza Iricibar, Pablo"]
[Black "Vidarte Morales, Arturo"]
[Result "1-0"]
[BlackTitle "IM"]
[WhiteElo "2140"]
[BlackElo "2326"]
[WhiteFideId "22252908"]
[BlackFideId "3800253"]
[EventDate "2014.08.22"]

1. e4 c5 2. Nf3 e6 3. d4 cxd4 4. Nxd4 a6 5. Nc3 Qc7 6. Bd3 b5 7. O-O Bb7 8. Qe2
Nc6 9. Nxc6 Qxc6 10. a4 b4 11. Nd5 Nf6 12. Bc4 Be7 13. Nxe7 Kxe7 14. f3 Rhd8 15.
Bd2 a5 16. Bb5 Qc7 17. c3 bxc3 18. Bxc3 Rac8 19. Rfd1 Bc6 20. Rac1 Qb7 21. Bxc6
Rxc6 22. Qd2 Ne8 23. Kh1 Rd6 24. Qg5+ f6 25. Qc5 Qc6 26. Bd4 Rc8 27. Re1 Qxa4
28. Bxf6+ gxf6 29. Qxc8 Qb4 30. Qc3 Rd2 31. b3 Nd6 32. Qe3 Qd4 33. Qh6 Qf2 34.
Qxh7+ Nf7 35. Rg1 Re2 36. Qg7 Rc2 37. Rxc2 Qxc2 38. h4 Qxb3 39. h5 Qe3 40. Qg3
Qh6 41. Qh4 Qe3 42. Re1 Qd2 43. e5 Ng5 44. exf6+ Kf7 45. h6 Kg6 46. f4 Nf7 47.
h7 1-0

[Event "16th Sants Open 2014"]
[Site "Barcelona ESP"]
[Date "2014.08.26"]
[Round "5.37"]
[White "Liarte Genoves, Sergi"]
[Black "Lillo Castany, Victor"]
[Result "0-1"]
[BlackTitle "FM"]
[WhiteElo "1815"]
[BlackElo "2319"]
[WhiteFideId "22278826"]
[BlackFideId "2278995"]
[EventDate "2014.08.22"]

1. e4 e5 2. Nc3 Nf6 3. f4 d5 4. fxe5 Nxe4 5. Qf3 Nxc3 6. bxc3 c5 7. Bb5+ Nc6 8.
Bxc6+ bxc6 9. d4 Be7 10. Ne2 O-O 11. O-O f6 12. Qg3 Qe8 13. Bh6 Qg6 14. Qxg6
hxg6 15. Bf4 Bf5 16. Rfc1 g5 17. Bg3 Rfe8 18. h3 Bg6 19. a4 fxe5 20. Bxe5 Bf6
21. Bxf6 gxf6 22. Kf2 c4 23. a5 Rab8 24. Rab1 Kf7 25. Rb4 Ke6 26. Ke1 Be4 27.
Kf2 Kd6 28. Rcb1 Rxb4 29. Rxb4 Bxg2 30. Rb7 Bxh3 31. Rxa7 Bd7 32. a6 Rb8 33. Ke3
f5 34. Ng1 f4+ 35. Kf2 g4 36. Ne2 f3 37. Nf4 Rb2 38. Ra8 Rxc2+ 39. Ke1 g3 40.
Rb8 f2+ 41. Kd1 Ra2 0-1

[Event "16th Sants Open 2014"]
[Site "Barcelona ESP"]
[Date "2014.08.26"]
[Round "5.38"]
[White "Corsino, Gianluca"]
[Black "Cruz, Cristhian"]
[Result "0-1"]
[BlackTitle "GM"]
[WhiteElo "2110"]
[BlackElo "2553"]
[WhiteFideId "816930"]
[BlackFideId "3801969"]
[EventDate "2014.08.22"]

1. d4 e6 2. e4 d5 3. exd5 exd5 4. Bd3 Nc6 5. c3 Bd6 6. Ne2 Nge7 7. Bf4 Bg4 8.
Qd2 Bxe2 9. Bxe2 Ng6 10. Bxd6 Qxd6 11. Na3 O-O-O 12. O-O-O Kb8 13. Nc2 Nce7 14.
Rde1 Qf6 15. Bd1 Nc8 16. Ne3 h5 17. g3 Nf8 18. Qe2 Qc6 19. Bc2 Ne6 20. Kb1 g6
21. Qf3 f5 22. h4 Rhe8 23. Bb3 Nb6 24. Ng2 a5 25. a3 Qb5 26. Qd1 a4 27. Ba2 c5
28. Re5 Nd7 29. Rxd5 Qc6 30. dxc5 Nc7 31. Ne3 Nxd5 32. Bxd5 Qxc5 33. Bg2 Nb6 34.
Qf3 Re4 35. Rd1 Rxd1+ 36. Qxd1 Re8 37. Qf3 Qc7 38. Qe2 Rd8 39. Qb5 Rd2 40. c4
Rxf2 41. c5 Nc8 42. c6 Na7 43. Qc5 Rd2 44. Qb4 Rd8 45. cxb7 Qxg3 46. Qa5 Re8 47.
Nc2 Qxg2 48. Nb4 Qf1+ 0-1

[Event "16th Sants Open 2014"]
[Site "Barcelona ESP"]
[Date "2014.08.26"]
[Round "5.39"]
[White "Cruz, Filemon"]
[Black "Pellus Ruiz, Josep"]
[Result "1-0"]
[WhiteTitle "IM"]
[WhiteElo "2439"]
[BlackElo "2164"]
[WhiteFideId "3800296"]
[BlackFideId "2221837"]
[EventDate "2014.08.22"]

1. Nf3 g6 2. c4 Bg7 3. Nc3 e5 4. g3 d6 5. d4 exd4 6. Nxd4 Nf6 7. Bg2 O-O 8. O-O
Nbd7 9. b3 Nc5 10. Bb2 a5 11. Qc2 c6 12. Rad1 Qb6 13. Rd2 a4 14. Rfd1 axb3 15.
axb3 Ng4 16. e3 Bxd4 17. Rxd4 Qxb3 18. Qxb3 Nxb3 19. Rxd6 Bf5 20. Ne4 Bxe4 21.
Bxe4 Ra2 22. Rb1 Re8 23. Bf3 h5 24. h3 Nh6 25. g4 h4 26. Bc3 Nc5 27. Bf6 Kh7 28.
Bxh4 Rc2 29. Rd4 Ng8 30. Bg2 Kg7 31. Rf4 Re6 32. Rd4 Nf6 33. Bg3 Nfe4 34. Bxe4
Nxe4 35. Kg2 Nd2 36. Rxb7 Nxc4 37. Bf4 c5 38. Rdd7 Rf6 39. g5 Rf5 40. Rd8 Rb2
41. Re7 Rd2 42. Rb8 Nd6 43. h4 c4 44. Bxd6 Rxd6 45. Ree8 1-0

[Event "16th Sants Open 2014"]
[Site "Barcelona ESP"]
[Date "2014.08.26"]
[Round "5.40"]
[White "Sanchez, Sebastian Felipe"]
[Black "Zanetti, Alberto"]
[Result "1-0"]
[WhiteTitle "IM"]
[WhiteElo "2391"]
[BlackElo "2147"]
[WhiteFideId "4403304"]
[BlackFideId "813508"]
[EventDate "2014.08.22"]

1. c4 b6 2. Nc3 Bb7 3. Nf3 g6 4. d4 Bg7 5. e4 e6 6. Bg5 Ne7 7. Qd2 h6 8. Be3 d6
9. Bd3 Nd7 10. O-O-O a6 11. g4 c6 12. h4 Qc7 13. Kb1 O-O-O 14. g5 h5 15. Rc1 Kb8
16. Rhf1 Rhe8 17. Ne1 c5 18. Nc2 Nc6 19. d5 Nb4 20. Be2 Nxc2 21. Qxc2 Bd4 22.
Bd2 Ne5 23. f4 Ng4 24. Qd3 Bc8 25. dxe6 fxe6 26. Qg3 Bb7 27. Bd3 Qg7 28. Rce1
Ka7 29. Bc2 Bc6 30. f5 gxf5 31. exf5 exf5 32. Bxf5 Rxe1+ 33. Qxe1 Re8 34. Qg3
Be5 35. Qd3 Rf8 36. Kc2 Qf7 37. g6 Qg7 38. Bxg4 hxg4 39. h5 Rxf1 40. Qxf1 Bf3
41. Qd3 Qb7 42. h6 Bxc3 43. Kxc3 Be4 44. Qxd6 Bb1 45. Kb3 Qe4 46. h7 Bxa2+ 47.
Kxa2 Qxc4+ 48. Ka3 1-0

[Event "16th Sants Open 2014"]
[Site "Barcelona ESP"]
[Date "2014.08.26"]
[Round "5.41"]
[White "Bergez, Luc"]
[Black "O'Donnell, Conor"]
[Result "1-0"]
[WhiteTitle "IM"]
[WhiteElo "2368"]
[BlackElo "2142"]
[WhiteFideId "606600"]
[BlackFideId "2504243"]
[EventDate "2014.08.22"]

1. d4 d5 2. Nc3 c6 3. e4 dxe4 4. Nxe4 Bf5 5. Bd3 Qxd4 6. Nf3 Qd8 7. Qe2 e6 8.
Bg5 Be7 9. Rd1 Bxe4 10. Bxe4 Nd7 11. Bf4 Ngf6 12. Bd3 O-O 13. O-O Qb6 14. c3
Rad8 15. Bb1 Rfe8 16. Rd4 Nf8 17. Ra4 a6 18. Ng5 Bd6 19. Be3 Qb5 20. Rc4 Ng6 21.
a4 Qa5 22. Bxg6 hxg6 23. Rh4 Qc7 24. Qf3 c5 25. Re1 Nh5 26. Qh3 f5 27. g4 fxg4
28. Qxg4 Qe7 29. Ne4 Qf7 30. Qg2 Be7 31. Rg4 Rd5 32. Rxg6 Rf5 33. Kh1 Nf4 34.
Bxf4 Rxf4 35. Rg1 Bf8 36. Nd6 Rxf2 37. Nxf7 Rxg2 38. Nh6+ Kh7 39. R1xg2 gxh6 40.
Rf6 c4 41. Rf7+ Kh8 42. Rxb7 Bc5 43. Rc7 Bb6 44. Rxc4 Rd8 45. Re2 Rg8 46. h3
Rg1+ 47. Kh2 Rb1 48. Rc6 1-0

[Event "16th Sants Open 2014"]
[Site "Barcelona ESP"]
[Date "2014.08.26"]
[Round "5.42"]
[White "Carol Querol, Santiago"]
[Black "Strunski, Andreas"]
[Result "0-1"]
[BlackTitle "IM"]
[WhiteElo "2106"]
[BlackElo "2352"]
[WhiteFideId "2219662"]
[BlackFideId "24606073"]
[EventDate "2014.08.22"]

1. d4 Nf6 2. c4 g6 3. Nc3 Bg7 4. Nf3 O-O 5. g3 c6 6. Bg2 d5 7. O-O dxc4 8. Ne5
Be6 9. e4 Nbd7 10. Nf3 c5 11. Ng5 Bg4 12. f3 h6 13. Nh3 Bxh3 14. Bxh3 Nxe4 15.
Nxe4 cxd4 16. Bxh6 Bxh6 17. Qxd4 Nb6 18. Qc5 f5 19. Nc3 e6 20. Rad1 Qc8 21. Qe7
Rf7 22. Qd6 Bf8 23. Qd2 Bg7 24. Rfe1 Qc5+ 25. Kh1 Re8 26. Qg5 Nd7 27. f4 Nf8 28.
Rd8 Bf6 0-1

[Event "16th Sants Open 2014"]
[Site "Barcelona ESP"]
[Date "2014.08.26"]
[Round "5.44"]
[White "Vehi Bach, Victor Manuel"]
[Black "Tahay, Alexis"]
[Result "1-0"]
[WhiteTitle "IM"]
[WhiteElo "2316"]
[BlackElo "2118"]
[WhiteFideId "2200228"]
[BlackFideId "26090961"]
[EventDate "2014.08.22"]

1. e4 c5 2. Nf3 d6 3. d4 cxd4 4. Nxd4 Nf6 5. Nc3 g6 6. Be3 Bg7 7. f3 Nc6 8. Qd2
O-O 9. Bc4 Bd7 10. O-O-O Rb8 11. Bb3 Na5 12. g4 b5 13. Bh6 Bxh6 14. Qxh6 Nxb3+
15. Nxb3 b4 16. Nd5 e5 17. Ne3 Ne8 18. h4 Be6 19. Nd5 Bxd5 20. Rxd5 Nc7 21. h5
Qf6 22. hxg6 Qxg6 23. Rxd6 Ne6 24. Qh5 Qg5+ 25. Nd2 Qg7 26. Nc4 Rbc8 27. Ne3 Nf4
28. Qh2 f6 29. Nf5 Qc7 30. Rc6 Qd7 31. Rd1 Qf7 32. Nh6+ 1-0

[Event "16th Sants Open 2014"]
[Site "Barcelona ESP"]
[Date "2014.08.26"]
[Round "5.45"]
[White "Pogan, Nikolas"]
[Black "Sanchez Lopez, Juan Manuel"]
[Result "1/2-1/2"]
[WhiteTitle "FM"]
[WhiteElo "2313"]
[BlackElo "2111"]
[WhiteFideId "24673579"]
[BlackFideId "2227037"]
[EventDate "2014.08.22"]

1. c4 c5 2. Nc3 Nc6 3. g3 g6 4. Bg2 Bg7 5. a3 d6 6. Rb1 a5 7. Nf3 e5 8. O-O Nge7
9. Ne1 O-O 10. Nc2 f5 11. Ne3 e4 12. Ned5 Nxd5 13. Nxd5 Ne7 14. Nf4 Qe8 15. d3
g5 16. Nh3 h6 17. Kh1 Qg6 18. Qc2 Nc6 19. dxe4 Nd4 20. Qd3 Re8 21. f3 fxe4 22.
fxe4 Bxh3 23. Bxh3 Qxe4+ 24. Qxe4 Rxe4 25. e3 Nb3 26. Bg2 Re7 27. Bd5+ Kh8 28.
e4 Bd4 29. Kg2 Kg7 30. h4 Nxc1 31. Rfxc1 gxh4 32. gxh4 Rf8 33. Rf1 Rxf1 34. Rxf1
Bxb2 35. a4 Bf6 36. Kh3 Bd4 37. Kg4 b6 38. Rb1 Kf6 39. Rf1+ Kg7 40. Rb1 Kf6 41.
Rxb6 Ke5 42. Kh5 Be3 43. Kg6 Bd2 44. Rb8 Be1 45. h5 Bd2 46. Ra8 Kd4 47. Rd8 Ke5
48. Rf8 Kd4 49. Rf2 Be3 50. Rf6 Rd7 51. Kf5 Rd8 52. Ke6 Bg5 53. Rf3 Bh4 54. Rb3
Bg5 55. Rb5 Bd2 56. Ke7 Bg5+ 57. Ke6 Bd2 58. Rb6 Re8+ 59. Kd7 Re5 60. Rxd6 Kc3
61. Kc6 Kb4 1/2-1/2

[Event "16th Sants Open 2014"]
[Site "Barcelona ESP"]
[Date "2014.08.26"]
[Round "5.47"]
[White "Peelen, Piet"]
[Black "Locci, Damiano"]
[Result "1/2-1/2"]
[WhiteTitle "IM"]
[WhiteElo "2303"]
[BlackElo "2113"]
[WhiteFideId "1000403"]
[BlackFideId "819751"]
[EventDate "2014.08.22"]

1. d4 d5 2. c4 c6 3. Nf3 Nf6 4. Nc3 e6 5. Bg5 dxc4 6. e4 b5 7. e5 h6 8. Bh4 g5
9. Nxg5 hxg5 10. Bxg5 Be7 11. exf6 Bxf6 12. Bxf6 Qxf6 13. Qd2 Qg6 14. Qf4 Na6
15. Be2 Bb7 16. Ne4 O-O-O 17. Bf3 Nb4 18. O-O Nc2 19. Nd6+ Rxd6 1/2-1/2

[Event "16th Sants Open 2014"]
[Site "Barcelona ESP"]
[Date "2014.08.26"]
[Round "5.48"]
[White "Balague Camps, Marc"]
[Black "Gomez Jurado, Luis Alberto"]
[Result "0-1"]
[BlackTitle "FM"]
[WhiteElo "2085"]
[BlackElo "2302"]
[WhiteFideId "2297914"]
[BlackFideId "2202107"]
[EventDate "2014.08.22"]

1. Nf3 d5 2. c4 c6 3. d4 Nf6 4. e3 e6 5. Nc3 Nbd7 6. Be2 Bd6 7. O-O O-O 8. Qc2
dxc4 9. Bxc4 a6 10. a4 Qc7 11. b3 e5 12. Ba3 Bxa3 13. Rxa3 exd4 14. exd4 Nb6 15.
Bd3 Bg4 16. Ne5 Qd6 17. Ne4 Nxe4 18. Bxe4 Qxa3 19. Nxg4 Qd6 20. Ne3 g6 21. Rd1
Rfe8 22. g3 Rad8 23. Bf3 h5 24. Kg2 Nd5 25. Nc4 Qf6 26. h4 Nc7 27. Na5 Rb8 28.
Qc5 Ne6 29. Qa7 Qe7 30. Nc4 Qb4 31. d5 cxd5 32. Rxd5 Qxb3 33. Nd6 Ra8 34. Qxb7
Qxb7 35. Nxb7 Rab8 36. Rd6 Re7 37. Na5 Rb2 38. Rxa6 Nd4 39. Bd5 Kg7 40. Bc4 Re5
41. Bd3 Nc2 42. Nc4 Ne1+ 43. Kh3 Nxd3 44. Nxb2 Nxb2 45. g4 hxg4+ 46. Kxg4 Re4+
47. f4 Nxa4 48. Rc6 Nb2 49. Rc3 Nc4 50. Kf3 Rd4 51. Rc1 Nd6 0-1

[Event "16th Sants Open 2014"]
[Site "Barcelona ESP"]
[Date "2014.08.26"]
[Round "5.49"]
[White "De Marchi, Olivier"]
[Black "Saenz Rebull, Jordi"]
[Result "1-0"]
[WhiteTitle "FM"]
[WhiteElo "2299"]
[BlackElo "2107"]
[WhiteFideId "613517"]
[BlackFideId "2285070"]
[EventDate "2014.08.22"]

1. d4 d5 2. c4 e6 3. Nf3 Nf6 4. g3 Be7 5. Bg2 dxc4 6. O-O O-O 7. Ne5 c5 8. dxc5
Qxd1 9. Rxd1 Bxc5 10. Nc3 Nbd7 11. Nxc4 Ng4 12. Ne4 Be7 13. Ned6 Nge5 14. Bf4
Nxc4 15. Nxc4 e5 16. Nxe5 Nxe5 17. Bxe5 Bf6 18. Bxf6 gxf6 19. b3 a5 20. Rd4 Ra6
21. Rad1 b5 22. Rd6 Rxd6 23. Rxd6 Be6 24. Bd5 Bxd5 25. Rxd5 Rb8 26. Rd6 Rc8 27.
Ra6 Rc1+ 28. Kg2 Rc2 29. Rxa5 Rxe2 30. Kf3 Rb2 31. Rxb5 Rxa2 32. h4 Kg7 33. Ke3
Rb2 34. f3 h6 35. g4 Rb1 36. Kd3 h5 37. gxh5 Rh1 38. Rb4 Kh6 39. Rf4 Kxh5 40.
Rxf6 Rxh4 41. Rxf7 Kg6 42. Rf8 Rb4 43. Kc3 Rh4 44. b4 Kg7 45. Rd8 Rf4 46. Rd3
Kf6 47. Kb3 Ke6 48. Ka4 Rh4 49. Ka5 Rh1 50. Kb6 1-0

[Event "16th Sants Open 2014"]
[Site "Barcelona ESP"]
[Date "2014.08.26"]
[Round "5.50"]
[White "Delgado Pico, Lluis"]
[Black "Gurevich, Daniel"]
[Result "0-1"]
[BlackTitle "FM"]
[WhiteElo "2082"]
[BlackElo "2298"]
[WhiteFideId "2226618"]
[BlackFideId "2044676"]
[EventDate "2014.08.22"]

1. d4 Nf6 2. c4 g6 3. Nc3 Bg7 4. Bf4 O-O 5. e3 d6 6. Nf3 Nbd7 7. Be2 b6 8. h3
Bb7 9. Qc2 e5 10. Bh2 exd4 11. exd4 Re8 12. O-O Ne4 13. Rfe1 Ndf6 14. Rad1 Nxc3
15. Qxc3 Ne4 16. Qc2 Qf6 17. Bd3 Ng5 18. Rxe8+ Rxe8 19. Nxg5 Qxg5 20. Bf1 Bf3
21. Qc1 Qxc1 22. Rxc1 Ba8 23. c5 dxc5 24. dxc5 Bxb2 25. Rc2 Bd4 26. cxb6 Bxb6
27. Bf4 Re1 28. Re2 Rxe2 29. Bxe2 Bd5 30. a4 c6 31. Bd2 a5 32. Bd1 Kf8 33. Kf1
Ke7 34. Bc2 Kd6 35. Bf4+ Ke6 36. Bd2 Bd8 37. g3 h5 38. h4 Bb6 39. Ke2 Bc4+ 40.
Kf3 c5 41. Bc3 Ba2 42. Ke4 c4 43. Bd4 Bd8 44. Ke3 Bb3 45. Bxb3 cxb3 46. Kd3 Kd5
47. f3 f5 48. Bf2 Bf6 49. Be1 f4 50. gxf4 Kc5 51. f5 gxf5 52. Bxa5 Bxh4 53. Bc7
Be1 54. a5 Kb5 55. Be5 Kxa5 56. Ke3 h4 0-1